Total Drama Presents: The Ridonculous Race Character Quiz - Statistics

General Stats
  • This quiz has been taken 190 times
  • The average score is 31 of 36
Answer Stats
Contestant Placement % Correct
Leonard 18th Place
95%
Geoff 2nd / 1st Place
94%
Noah 8th Place
94%
Owen 8th Place
94%
Brody 2nd / 1st Place
92%
Emma 4th Place
91%
Kitty 4th Place
91%
Tammy 18th Place
91%
Josee 3rd Place
87%
Junior 9th Place
87%
Sanders 2nd / 1st Place
87%
Carrie 5th Place
86%
Ennui 7th Place
86%
Crimson 7th Place
85%
Devin 5th Place
85%
Dwayne 9th Place
85%
Jacques 3rd Place
85%
MacArthur 2nd / 1st Place
85%
Stephanie 6th Place
85%
Chet 11th Place
84%
Pete 17th Place
84%
Ryan 6th Place
84%
Spud 10th Place
84%
Ellody 16th Place
83%
Lorenzo 11th Place
83%
Mickey 12th Place
83%
Rock 10th Place
83%
Laurie 15th Place
81%
Miles 15th Place
81%
Gerry 17th Place
80%
Mary 16th Place
80%
Jay 12th Place
79%
Kelly 13th Place
78%
Taylor 13th Place
78%
Tom 14th Place
78%
Jen 14th Place
76%
No matching quizzes found
Score Distribution
Percent of People with Each Score
Percentile by Number Answered
Your Score History
You have not taken this quiz